Szczegóły MARC21

Zweit- und Fremdsprachenerwerbstheorien /

003 -Nazwa inst., której nr kontr. jest w polu 001 [,]
    • @
    • Nazwa instytucji, której n kontrolny jest w polu 001
    • NUKAT
005 -DATA I CZAS OSTATNIEJ MODYFIKACJI [,]
    • @
    • pole kontrolne
    • 20241231102324.0
040 -Instytucja sporządzająca opis [ , ]
    • a
    • Instytucja, która sporządziła opis (NP)
    • SZCZ U/ML
    • b
    • Język katalogowania
    • pol
    • e
    • Zasady katalogowania
    • rda
    • c
    • Instytucja, która sporządziła rekord (NP)
    • SZCZ U/MLs
    • d
    • Instytucja, która zmodyfikowała rekord (P)
    • SZCZ U/KP
942 -Rodzaj dokumentu [ , ]
    • c
    • Rodzaj dokumentu
    • Książka
100 -Hasło główne - nazwa osobowa [1, ]
    • a
    • Nazwa osobowa (NP)
    • Apeltauer, Ernst.
    • e
    • Rodzaj współpracy
    • Autor
    • 9
    • KHW
    • 451118
245 -Strefa tytułu i oznaczenia odpowiedzialności [1,0]
    • a
    • Tytuł
    • Zweit- und Fremdsprachenerwerbstheorien / Find
    • c
    • Pozostałe elementy strefy tytułu i oznaczenia odpowiedzialności (NP)
    • Ernst Apeltauer.
250 -Strefa wydania [ , ]
    • a
    • Oznaczenie wydania (NP)
    • Vorläufige Arbeitsversion. 1. Erprobungsfassung.
260 -Strefa adresu wydawniczego [ , ]
    • a
    • Miejsce wydania (P)
    • [Miejsce nieznane] :
    • b
    • Nazwa wydawcy (P)
    • Gesamthochschule Kassel :
    • b
    • Nazwa wydawcy (P)
    • Langenscheidt,
    • c
    • Data wydania (P)
    • © 1993.
300 -Strefa opisu fizycznego [ , ]
    • a
    • Określenie formy książki i/lub objętość (NP)
    • 170 stron :
    • b
    • Oznaczenie ilustracji (NP)
    • ilustracje ;
    • c
    • Format (NP)
    • 30 cm.
336 -Typ zawartości [ , ]
    • a
    • Termin opisujący typ zawartości
    • Tekst
    • b
    • Kod określający zawartość
    • txt
    • 2
    • Źródło (terminu i kodu)
    • rdacontent
337 -Typ mediów [ , ]
    • a
    • Tryb odtwarzania
    • Bez urządzenia pośredniczącego
    • b
    • Kod typu mediów
    • n
    • 2
    • Źródło (terminu i kodu)
    • rdamedia
338 -Typ/rodzaj nośnika [ , ]
    • a
    • Hasło opisujące typ nośnika
    • Wolumin
    • b
    • Kod typu nośnika
    • nc
    • 2
    • Źródło (terminu i kodu)
    • rdacarrier
500 -Uwaga ogólna [ , ]
    • a
    • Uwaga ogólna (NP)
    • Na okładce: Fernstudienangebot. Germanistik. Deutsch als Fremdsprache.
500 -Uwaga ogólna [ , ]
    • a
    • Uwaga ogólna (NP)
    • Im Fernstudienprojekt "Deutsch als Fremdsprache und Germanistik" arbeiten das Deutsche Institut für Fernstudien an der Universität Tübingen (DIFF), die Gesamthochschule Kassel Universität (GhK) und das Goethe-Institut (GI) unter Beteiligung des Deutschen Akademischen Austauschdienstes (DAAS) und der Zentralstelle fúr das Auslandsschulwesen (ZfA) zusammen.
650 -Hasło przedmiotowe [ ,7]
    • a
    • Hasło przedmiotowe
    • Język niemiecki
    • x
    • Określnik rzeczowy
    • studia i nauczanie
    • x
    • Określnik rzeczowy
    • obcojęzyczni.
    • 2
    • Źródło terminu
    • kaba
    • 9
    • KHW
    • 356855
650 -Hasło przedmiotowe [ ,7]
    • a
    • Hasło przedmiotowe
    • Opanowywanie drugiego języka.
    • 2
    • Źródło terminu
    • kaba
    • 9
    • KHW
    • 122365
710 -Hasło dodatkowe - nazwa ciała zbiorowego [2, ]
    • a
    • Nazwa ciała zbiorowego lub nazwa geograficzna jako pierwszy element (NP)
    • Gesamthochschule Kassel.
    • e
    • Rodzaj współpracy
    • Wydawca
    • 4
    • Kod relacji
    • pbl
    • 9
    • KHW
    • 453248
710 -Hasło dodatkowe - nazwa ciała zbiorowego [2, ]
    • a
    • Nazwa ciała zbiorowego lub nazwa geograficzna jako pierwszy element (NP)
    • Langenscheidt (Berlin).
    • e
    • Rodzaj współpracy
    • Wydawca
    • 4
    • Kod relacji
    • pbl
    • 9
    • KHW
    • 73720
Sygnatura Status udost. Numer inwentarzowy Data inwentaryzacji Lokalizacja
 2M.30002001-03-22BM
GERM. Dydaktyka jęz. obcych 011G.192452018-03-27BM
Magazyn - duży format1G.192462018-03-27BM
Germ. Dydaktyka jęz. obcych 03-3BC.97712018-03-27BM
Germ. Dydaktyka jęz. obcych 04-3BC.97722018-03-27BM
Germ. Dydaktyka jęz. obcych 05-3BC.97732018-03-27BM
Germ. Dydaktyka jęz. obcych 06-3BC.97742018-03-27BM
Germ. Dydaktyka jęz. obcych 07-3BC.97752018-03-27BM
Germ. Dydaktyka jęz. obcych 08-3BC.97762018-03-27BM
Germ. Dydaktyka jęz. obcych 09-3BC.97772018-03-27BM
Germ. Dydaktyka jęz. obcych 10-3BC.97782018-03-27BM
Germ. Dydaktyka jęz. obcych 11-3BC.97702018-03-27BM
Germ. Dydaktyka jęz. obcych 12-3BC.97792018-03-27BM